书目信息 |
| 题名: |
卡尔·波普的政治思想
|
|
| 作者: | 希尔默 著 ;储智勇, , 毛兴贵 译 | |
| 分册: | ||
| 出版信息: | 长春 吉林出版集团股份有限公司 2018.02 |
|
| 页数: | 18, 279页 | |
| 开本: | 23cm | |
| 丛书名: | 公共哲学与政治思想系列 | |
| 单 册: | ||
| 中图分类: | B561.59 | |
| 科图分类: | ||
| 主题词: | 政治思想--zheng zhi si xiang--研究--英国--现代 | |
| 电子资源: | ||
| ISBN: | 978-7-5534-8335-1 | |
| 000 | 01560nam0 2200337 450 | |
| 001 | 2366788462 | |
| 005 | 20231125184144.21 | |
| 010 | @a978-7-5534-8335-1@dCNY88.80 | |
| 100 | @a20180317d2018 em y0chiy50 ea | |
| 101 | 1 | @achi@ceng |
| 102 | @aCN@b220000 | |
| 105 | @ay a 001yy | |
| 106 | @ar | |
| 200 | 1 | @a卡尔·波普的政治思想@Aka er · bo pu de zheng zhi si xiang@f(英) 杰里米·希尔默著@d= The political thought of Karl Popper@fJeremy Shearmur@g储智勇, 毛兴贵译@zeng |
| 210 | @a长春@c吉林出版集团股份有限公司@d2018.02 | |
| 215 | @a18, 279页@d23cm | |
| 225 | 2 | @a公共哲学与政治思想系列@Agong gong zhe xue yu zheng zhi si xiang xi lie |
| 300 | @a中央高校基本科研业务费专项资金资助项目 (SWU1709231) | |
| 314 | @a杰里米·希尔默, 澳大利亚国立大学哲学系教授。储智勇, 生前任教于中国政法大学政治与公共管理学院。毛兴贵, 西南大学哲学系副教授。 | |
| 320 | @a有书目和索引 | |
| 330 | @a本书共分为六章, 其主要内容包括: 波普政治哲学的发展 ; 《开放社会》和《历史决定论的贫困》 ; 《开放社会》之后 ; 价值与理性 ; 波普、自由主义和修正的本质主义 ; 波普著作的当代意义。 | |
| 410 | 0 | @12001 @a公共哲学与政治思想系列 |
| 500 | 10 | @aPolitical thought of Karl Popper@mChinese |
| 600 | 1 | @a波普尔@Abo pu er@g(Popper, Karl Raimund),@f1902-1994@x政治思想@x研究 |
| 606 | 0 | @a政治思想@Azheng zhi si xiang@x研究@y英国@z现代 |
| 690 | @aB561.59@v5 | |
| 701 | 1 | @a希尔默@Axi er mo@g(Shearmur, Jeremy)@4著 |
| 702 | 0 | @a储智勇,@Achu zhi yong@f1974-2009@4译 |
| 702 | 0 | @a毛兴贵@Amao xing gui@4译 |
| 801 | @aCN@b山东中教@c20231121 | |
| 905 | @aBZT@dB561.59@e3 | |
| 卡尔·波普的政治思想/(英) 杰里米·希尔默著= The political thought of Karl Popper/Jeremy Shearmur/储智勇, 毛兴贵译.-长春:吉林出版集团股份有限公司,2018.02 |
| 18, 279页;23cm.-(公共哲学与政治思想系列) |
| 中央高校基本科研业务费专项资金资助项目 (SWU1709231) |
| ISBN 978-7-5534-8335-1:CNY88.80 |
| 本书共分为六章, 其主要内容包括: 波普政治哲学的发展 ; 《开放社会》和《历史决定论的贫困》 ; 《开放社会》之后 ; 价值与理性 ; 波普、自由主义和修正的本质主义 ; 波普著作的当代意义。 |
| ● |
| 相关链接 |
|
|
|
正题名:卡尔·波普的政治思想
索取号:B561.59/3
 
预约/预借
| 序号 | 登录号 | 条形码 | 馆藏地/架位号 | 状态 | 备注 |
| 1 | 2001050922 | 2001050922 | 中教第一批/山东中教(第二书库)/533/ [索取号:B561.59/3] | 在馆 | |
| 2 | 2001050923 | 2001050923 | 中教第一批/山东中教(第二书库)/533/ [索取号:B561.59/3] | 在馆 | |
| 3 | 2001050924 | 2001050924 | 中教第一批/山东中教(第二书库)/533/ [索取号:B561.59/3] | 在馆 | |
| 4 | 2001050925 | 2001050925 | 中教第一批/山东中教(第二书库)/533/ [索取号:B561.59/3] | 在馆 | |
| 5 | 2001050926 | 2001050926 | 中教第一批/山东中教(第二书库)/533/ [索取号:B561.59/3] | 在馆 | |
| 6 | 2001050927 | 2001050927 | 中教第一批/山东中教(第二书库)/533/ [索取号:B561.59/3] | 在馆 |